Devine mes animes préférés avec des indices - Statistiques

Statistiques générales
  • Ce quiz a été pris 147 fois
    142 depuis la dernière actualisation
  • Le résultat moyen est 9 sur 44
Statistiques - réponses
Hint Réponse % Correct
Simplement le manga le plus vendu au monde One Piece
97%
Shinzō wo Sasageyo est en devenu une réplique culte Shingeki no Kyojin
54%
Une elfe veille de plusieurs centaines d'années voyage avec une jeune fille anciennement recueillie par un alcolo et un mec entraîné par un nain. Frieren
52%
Le premier qui déclare sa flamme se fera dominer dans le couple, c'est avec ce constat que nos deux héros se battent Kaguya sama
51%
L'homme tronçonneuse écrit pas la grand Fujimoto s'est vu octroyer ses pouvoirs par Pochita Chainsaw man
50%
Des dépressifs dans des robots Evangelion
49%
Considéré comme l'œuvre ayant le meilleur système de pouvoir + un seul op pour presque 150 eps Hunter x Hunter
47%
Arima kana> all girls de cet anime + opening 1 chanté par Yoasobi (groupe que j'aime pas plus que ça) Oshi no ko
40%
Oui j'ai harcelé une sourde et aujourd'hui je regrette, franchement j'aimerai bien me repentir. Koe no Katachi
39%
Une jeune fille s'aventure sans retour dans un très gros trou Made in abyss
39%
Maomao en est le personnage principal Les carnets de l'apothicaire
38%
L'œuvre japonaise de dark fantaisie la plus connue + est doté de plusieurs adaptations animés comme celle de 1997 ou la tristement connue de 2016 Berserk
37%
Yoshikage Kira, Enrico Pucci et Diavolo sont des antagonistes de cet anime Jojo
31%
Arataka Reigen est le meilleur personnage de l'histoire de la fiction + anime avec pouvoirs psychiques Mob psycho 100
31%
Un certain docteur nommé Kenzo Tenma soigne un enfant connu pour être l'un des plus grands antagoniste Monster
31%
Beaucoup n'ont pas aimé son incroyable saison 2 qui se passe à la ferme Vinland saga
30%
Le titre fait penser à un truc cannibale mais en fait c'est juste de la romance Kimi no Suizo wo Tabetai
24%
Un anime time travel provenant initialement d'un vn (hacking to the gate) Steins gate
22%
Très longtemps anime le mieux noté sur MAL il s'est fait dépasser par Frieren Fullmetal alchemist brotherhood
18%
Maman est humaine, papa est un loup et nous il faut qu'on choisisse ce qu'on veut devenir. Les enfants loups
15%
Si tu n'as pas de sous, bouffe ce que tu trouves dans le donjon Dungeon Meshi
13%
Un film aux thématiques écolos de Miyazaki n'étant pas Nausicaa Princess Mononoke
12%
Quand tu es nu, tu es plus fort + on parle de Trigger prime Kill la Kill
11%
"Je préfère encore être un cochon décadent plutôt qu’un fasciste" Porco rosso
11%
Cet animé du studio wit a un fantastique opening 2 nommé Naked Hero Ousama Ranking
10%
Toujours plus de Yuasa (mon réal pref), mais cette fois-ci Satan s'invite à la fête Devilman crybaby
9%
Un film d'Isao Takahata contenant le prénom Kaguya Le conte de la princesse Kaguya
9%
Des Ln écrits par NisiOisiN comprenant de nombreux petits arcs tels que Tsubasa cat ou Ougi dark (adaptation animée par shaft) Monogatari
9%
Comme dans tous ses films Satoshi kon nous perd entre fiction et réalité, mais cette fois-ci c'est le showbuisness qui nous intéresse. Perfect blue
8%
Mon Shinkai pref (celui sorti après kimi no na wa) Tenki no Ko
8%
Un dépressif qui joue au shogi reprend un peu goût à la vie en fréquentant des gens Sangatsu no lion
7%
Le space opéra de Watanabe Cowboy Bebop
6%
Le retour de Watanabe mais cette fois il s'allie à Nujabes + Aruarian dance quelle OST... Samurai Champloo
6%
Anime original du studio Madhouse sorti en 2018 avec 4 jeunes filles partant pour l'Antarctique Yorimoi
5%
Je suis gentil je te donne le titre en français : ailes grises. Tu l'as en Jap ? Haibane Renmei
4%
Peco vs Smile = le meilleur 1v1 de l'histoire des animes de sport Ping Pong
4%
Tu t'es déjà plongé dans le Wired ? Y-as-tu trouvé Dieu ? Serial Experiments Lain
4%
Dernière mention de Yuasa et cette fois c'est un animé sorti pendant le covid qui parle de l'animation Eizouken
3%
Un animé original de la Toei entièrement en 3d qui parle de musique Girls band cry
3%
Le retour de NisiOisiN mais cette fois-ci c'est White fox qui adapte (5*a dans le titre) Katanagatari
3%
Time travel x Masaaki Yuasa donnent cet anime (sorti en 2010) The Tatami Galaxy
3%
Du grand Gainax en 6 eps, merci the pillows pour la bo FLCL
2%
Cet anime de Yuasa possède cette grande OST : Melody of chroniko Kaiba
1%
Un isekai sorti en 2021 dont le premier mot du nom est un homophone de la plus grande société japonaise dans le domaine électronique Sonny Boy
0%
Aucun quiz correspondant
Distribution des résultats
% des personnes avec chaque résultat
Percentile par nombre de réponses
Votre historique - résultats
Vous n’avez pas pris ce quiz depuis la dernière actualisation